000 00504nam a22001937a 4500
003 NUST
005 20210629162604.0
010 _a 2014310668
020 _a7119090232
038 _aSNS Library Staff
082 _a335.4345
_bJIN
100 _aXI Jinping
245 _aXi Jinping
_bThe Governance of China
_cXi Jinping
260 _aChina
_bForeign Languages Press Co. Ltd.
_c2020
300 _a650 p.
_bPb.
440 _aXi Jinping
_980871
563 _a.
942 _2ddc
_cBK
_k335.4345 JIN 2020
999 _c585721
_d585721